| 000 | 00401nam a2200157Ia 4500 | ||
|---|---|---|---|
| 008 | 230524s9999 xx 000 0 und d | ||
| 082 |
_a5 _bNAS |
||
| 100 | _aSyed A.Nasar | ||
| 245 | 0 | _a"3000,Solved Problems in Electric Circuits (Schaum' Series)" | |
| 250 | _a1ST | ||
| 260 |
_aNEW DELHI _bTMH _c2004 |
||
| 300 | _aXIII;747 | ||
| 500 | _aQuantity Number: 2 | ||
| 650 | _aElectrical | ||
| 942 | _cBK | ||
| 999 |
_c36735 _d36735 |
||